| 000 | 01057nam a22003377a 4500 | ||
|---|---|---|---|
| 003 | CHAP | ||
| 005 | 20220817041548.0 | ||
| 008 | 971013s1970 r 00010 d | ||
| 010 | _a18101 | ||
| 011 | _a19073 | ||
| 035 | _a23158 | ||
| 040 | _cCHAP | ||
| 090 | _aFolleto 8438 | ||
| 100 | 0 | 0 |
_aBlaser, R. E. _913140 |
| 245 | _aAgronomy & health | ||
| 260 |
_aMadison, Wis. : _bAmerica Society of Agronomy, _c1970 |
||
| 300 | _a59 h. | ||
| 490 |
_aAmerican Society of Agronomy. Special publication _v; 16 |
||
| 590 |
_aBATCH-UPD _b10 _c20130110 _lUCH01 _h1546 |
||
| 590 |
_aBATCH-UPD _b10 _c20130410 _lUCH01 _h0946 |
||
| 590 |
_aBATCH-UPD _b10 _c20130914 _lUCH01 _h0756 |
||
| 590 |
_aCONVERSION _b10 _c20130109 _lUCH01 _h1311 |
||
| 650 | 1 | 4 | _aNutrición animal. |
| 650 | 1 | 4 |
_aNutrición. _982246 |
| 650 | 1 | 4 |
_aSalud pública. _9101813 |
| 650 | 1 | 4 |
_aSuelos _xContaminación. _9110327 |
| 830 | 0 |
_aAmerican Society of Agronomy. Special publication _v; 16 _95295 |
|
| 901 | _aBK | ||
| 942 | _cFOLL | ||
| 949 |
_aFolleto 8438 _bBC _cFOLL _d-54013 _eTS1 _i23158 _mD _si |
||
| 999 |
_c18101 _d18101 |
||